000 00690nam a2200289Ia 4500
005 20260324134725.0
008 008 260324s9999 xx 000 0 eng d
020 _a9780203470763
037 _aEBOOK
040 _aCRL
040 _beng
040 _cCRL
041 _2eng
041 _aeng
084 _qCRL
100 _aWarren J. Samuels; Michael McLure
_91197907
245 0 _aPareto, Economics and Society
245 4 _bThe Mechanical Analogy
260 _bTaylor and Francis
260 _c2001
365 _a
365 _b290
856 _uhttp://www.taylorfrancis.com/books/9780203470763
942 _cEBOOK
999 _c1798275
_d1798275